| 000 | 00660cab a2200217 4500 | ||
|---|---|---|---|
| 001 | WB3408-29 | ||
| 008 | 090401t1998 xxu||||| |||| 00| 0 eng d | ||
| 035 | _a(Sirsi) u84595 | ||
| 041 | _aeng | ||
| 245 | _aDeep coal mine reopens | ||
| 260 | _c1998 | ||
| 350 | _a0 | ||
| 490 |
_aFinancial Times _v27 February 1998, 11(1) |
||
| 520 | _aFormer British Coal employees are joining forces with their ex-bosses in plans to open the first deep mine in Britain since the privatisation of the industry. | ||
| 650 | _aCELTIC ENERGY | ||
| 650 | _aCOAL MINES | ||
| 650 | _aTOWER COLLIERY | ||
| 690 | _aMINING AND MINERALS | ||
| 942 | _n0 | ||
| 948 | _c27/02/1998 | ||
| 999 |
_c53177 _d53177 |
||